|
|
|
|
| LEADER |
00566nam a2200145Ia 4500 |
| 001 |
72834 |
| 008 |
170722s9999 xx 000 0 und d |
| 100 |
|
|
|a Amirta Sagarar
|
| 245 |
|
|
|a Yapparungalak-karikai with the commentary of Kumaraswami Pulavar. /
|
| 260 |
|
|
|c 1938.
|
| 653 |
|
|
|a Modern Tamil
|
| 942 |
|
|
|c GEN
|
| 999 |
|
|
|c 37992
|d 37992
|
| 952 |
|
|
|0 0
|1 0
|4 0
|6 P_31JX21_D8D81
|7 0
|9 50524
|a LIB
|b LIB
|d 2017-08-12
|o P31,Jx2,1 D8-D8;1
|p 32966
|r 2017-08-12
|w 2017-08-12
|y GEN
|
| 952 |
|
|
|0 0
|1 0
|4 0
|6 P_31JX21_D8D81
|7 0
|9 50525
|a LIB
|b LIB
|d 2017-08-12
|o P31,Jx2,1 D8-D8;1
|p 48041
|r 2017-08-12
|w 2017-08-12
|y GEN
|